Gaudiya dance (Record no. 743)

MARC details
000 -LEADER
fixed length control field 01043 a2200265 4500
008 - FIXED-LENGTH DATA ELEMENTS--GENERAL INFORMATION
fixed length control field 080820t xxu||||| |||| 00| 0 eng d
010 ## - LIBRARY OF CONGRESS CONTROL NUMBER
LC control number ENG-84917
020 ## - INTERNATIONAL STANDARD BOOK NUMBER
International Standard Book Number .
Terms of availability 450.00
035 ## - SYSTEM CONTROL NUMBER
System control number EN-68450
037 ## - SOURCE OF ACQUISITION
Source of stock number/acquisition D.B.Act / Pub
082 ## - DEWEY DECIMAL CLASSIFICATION NUMBER
Classification number 784.1885
245 ## - TITLE STATEMENT
Title Gaudiya dance
Remainder of title a collection of seminar papers
Statement of responsibility, etc edited by Pallab Sengupta, Manabendu Banerjee, Mahua Mukherjee.
260 ## - PUBLICATION, DISTRIBUTION, ETC. (IMPRINT)
Place of publication, distribution, etc Kolkata
Name of publisher, distributor, etc The Asiatic Society,
Date of publication, distribution, etc 2005.
270 ## - ADDRESS
Address 1, Park Street,
City Kolkata
State or province W.B.
Postal code 700016
300 ## - PHYSICAL DESCRIPTION
Extent 120 p. :
Other physical details ill. ;
Dimensions 22 cm.
490 ## - SERIES STATEMENT
Series statement Seminar and public lecture series.
500 ## - GENERAL NOTE
General note Includes bibliographical references
650 ## - SUBJECT ADDED ENTRY--TOPICAL TERM
Topical term or geographic name as entry element Dance
Geographic subdivision India
700 ## - ADDED ENTRY--PERSONAL NAME
Personal name Senagupta, Pallaba,
700 ## - ADDED ENTRY--PERSONAL NAME
Personal name Banerjee, Manabendu.
700 ## - ADDED ENTRY--PERSONAL NAME
Personal name Mukhopadhyaya, Mahua,
710 ## - ADDED ENTRY--CORPORATE NAME
Corporate name or jurisdiction name as entry element Asiatic Society (Calcutta, India)
942 ## - ADDED ENTRY ELEMENTS (KOHA)
Institution code [OBSOLETE] dpl
Koha item type English Books
Call number prefix 784.1885 / GAU
Source of classification or shelving scheme Dewey Decimal Classification
Classification part 784.1885
Call number suffix GAU
Holdings
Withdrawn status Lost status Damaged status Not for loan Home library Current library Date acquired Cost, normal purchase price Total Checkouts Full call number Barcode Date last seen Copy number Uniform Resource Identifier Cost, replacement price Price effective from Koha item type
        Andrews Gunj D.B.Act.Division 20/08/2008 450.00   784.1885 GAU EN-68450 15/09/2008 1 724 450.00 15/09/2008 English Books

© Delhi Public Library
Hit Counter
free hit counter